000 01405nam a22004097a 4500
001 11147988
005 20030301121823.0
008 750817c19479999ii qrzp 0 a0eng d
022 _a0008-0683
035 _a(OCoLC)ocm01552348
040 _aMnMULS
_cMnMULS
_dOCoLC
_dCU-UC
_dCtY
_dMH
_dInU
_dOCoLC
_dAIP
_dNSDP
_dNST
_dWaU
_dDLC
_dOCoLC
042 _ansdp
_alcd
_apremarc
043 _aa-ii---
050 _aHA1
_b.C35
060 _aHA 1 C144
210 _aBull.- Calcutta Stat. Assoc.
222 _aBulletin - Calcutta Statistical Association
245 _aCalcutta Statistical Association bulletin.
246 _aBulletin
260 _aCalcutta :
_bCalcutta Statistical Association
_c[1947-
300 _av. ;
_c25 cm.
310 _aQuarterly
321 _aQuarterly
362 _aNo. 1 (Aug. 1947)-
500 _aTitle from caption.
500 _aPublisher varies.
650 _aStatistics
_xMethodology
_vPeriodicals.
650 _aStatistics
_vPeriodicals.
651 _aIndia
_vStatistics
_vPeriodicals.
710 _aCalcutta Statistical Association.
270 _a35 Bollygaunge Circular Road,
_bKolkata
_e700019
906 _a7
_bcbc
_cserials
_du
_encip
_f19
_gn-oclcserc
936 _aVol. 46, nos. 181-182 (Mar. and June 1996) LIC
942 _2ddc
_cSR
_s1
999 _c24357
_d24357